| 000 | 00350nam a2200133Ia 4500 | ||
|---|---|---|---|
| 005 | 20251222142024.0 | ||
| 008 | 251222s9999||||xx |||||||||||||| ||spa|| | ||
| 082 | _a231.73/G69 | ||
| 100 | _aGonzalez, Carlos Ignacio | ||
| 245 | 0 | _aEl Espíritu del Señor que da la Vida: | |
| 250 | _a2a.ed. | ||
| 264 | _bConferencia Episcopal Peruana | ||
| 942 | _cLIB | ||
| 999 |
_c10749 _d10749 |
||